Le petit francais

Saved in:
Bibliografiske detaljer
Hovedforfatter: Saavedra Molina, Julio (Author)
Format: Bog
Sprog:spansk
Udgivet: Santiago Minerva 1921
Fag:
Tags: Tilføj Tag
Ingen Tags, Vær først til at tagge denne postø!

MARC

LEADER 00000nam a2200000 a 4500
001 UCZ8594
003 CL-VaPUC
008 960121e19210000CL |||||||||||||||||spa|d
082 0 4 |a 372.65  |b SAA  |2 21 
100 0 |a Saavedra Molina, Julio  |e author  |9 353937 
245 1 3 |a Le petit francais 
300 |a v 
942 |c BK 
945 |d 19960121 00:00:00  |a lriquelm 
260 |a Santiago  |b Minerva  |c 1921 
500 |a v.1: Libro de francés para 1er año 
500 |a v.2: Libro de lectura i diccionario para el 3er i 4§ años de humanidades 
650 0 |a Lingüística  |9 265068 
650 0 |a Lingüística aplicada   |9 313266 
650 7 |a FRANCES  |2 CL-VaPUC  |9 259059 
650 7 |a LENGUAS ROMANCES  |2 CL-VaPUC  |9 346632 
650 0 |a Métodos de enseñanza  |9 270413 
650 0 |a Aprendizaje   |9 254827 
583 |a last modification  |c 19960121 00:00:00  |k Rodrigo Vera 
999 |c 244454  |d 244452 
952 |0 0  |1 0  |4 0  |6 372_650000000000000_SAA_1921  |7 0  |8 P  |9 258521  |a BIBEDU  |b BIBEDU  |c BIBEDU_PB  |d 2019-11-19  |h v.1  |i 1619284  |o 372.65 SAA 1921  |p 1619284  |r 2024-01-25  |w 2019-11-19  |y BK  |k EDU 
952 |0 0  |1 0  |4 0  |6 372_650000000000000_SAA_1921  |7 0  |8 P  |9 258522  |a BIBEDU  |b BIBEDU  |c BIBEDU_PB  |d 2019-11-19  |h v.2  |i 1619233  |o 372.65 SAA 1921  |p 1619233  |r 2024-01-25  |w 2019-11-19  |y BK  |k EDU